00251nam a22000977a 4500008004100000082001100041245006400052260000900116300001000125440001800135180802b xxu||||| |||| 00| 0 eng d a813.52 aLWW's Visual atlas of medical assisting skillscBedford.D.J c2008 a1fCD x9780781766678